Interpretación, verdad y encarnación de la palabra de Dios
Guardat en:
| Autor principal: | |
|---|---|
| Format: | Llibre |
| Idioma: | espanyol |
| Publicat: |
Santiago
Conferencia Episcopal de Chile
2011
|
| Edició: | 1a. ed |
| Col·lecció: | Animación Bíblica de la Pastoral, 10
|
| Matèries: | |
| Etiquetes: |
Afegir etiqueta
Sense etiquetes, Sigues el primer a etiquetar aquest registre!
|
MARC
| LEADER | 00000cam a2200000 a 4500 | ||
|---|---|---|---|
| 001 | UCC6399 | ||
| 003 | CL-VaPUC | ||
| 008 | 181207e20110000cl |||||||||||||||||spa|d | ||
| 082 | 0 | 4 | |a 211 |b FER |2 21 |
| 100 | 0 | |a Ferrando, Miguel Angel |e author |9 600831 | |
| 245 | 1 | 0 | |a Interpretación, verdad y encarnación de la palabra de Dios |
| 250 | |a 1a. ed | ||
| 300 | |a 135 p | ||
| 942 | |c BK | ||
| 945 | |d 20181207 13:37:00 |a dcastane | ||
| 260 | |a Santiago |b Conferencia Episcopal de Chile |c 2011 | ||
| 650 | 7 | |a REVELACION Y FE |2 CL-VaPUC |9 488100 | |
| 650 | 7 | |a CONOCIMIENTO DE DIOS |2 CL-VaPUC |9 345641 | |
| 583 | |a last modification |c 20181207 13:37:00 |k Rodrigo Vera | ||
| 490 | 0 | |a Animación Bíblica de la Pastoral, 10 | |
| 999 | |c 373347 |d 373345 | ||
| 952 | |0 0 |1 0 |3 erb |4 0 |6 211_000000000000000_FER_2011 |7 0 |8 A |9 491417 |a BIBTEO |b BIBTEO |e Precht Pizarro, Jorge Enrique |i 5520290 |o 211 FER 2011 |p 5520290 |r 2025-01-17 |w 2019-11-24 |y BK |z Catalogado en:20181207 |k ICR | ||